| 000 | 01050nam a22003257a 4500 | ||
|---|---|---|---|
| 003 | CHAP | ||
| 005 | 20220329133900.0 | ||
| 008 | 971013s1966 uk a r 00010 eng d | ||
| 010 | _a12198 | ||
| 011 | _a13170 | ||
| 035 | _a17241 | ||
| 040 | _cCHAP | ||
| 082 | 0 | 4 |
_a634.955 _bG4 |
| 100 | 0 | 0 |
_aGerhold, H. D. _947741 |
| 245 | 1 | _aBreeding pest-resistant tress | |
| 260 |
_aOxford : _bPergamon, _c1966 |
||
| 300 |
_a505 p. _b: ilus. |
||
| 500 | _aLista de glosarios de términos forestales p. 495-499 | ||
| 590 |
_aBATCH-UPD _b10 _c20130110 _lUCH01 _h0923 |
||
| 590 |
_aBATCH-UPD _b10 _c20130410 _lUCH01 _h0544 |
||
| 590 |
_aBATCH-UPD _b10 _c20130914 _lUCH01 _h1536 |
||
| 590 |
_aCONVERSION _b10 _c20130109 _lUCH01 _h1308 |
||
| 650 | 1 | 4 |
_aÁrboles _xPlagas. _982440 |
| 650 | 1 | 4 |
_aÁrboles _xResistencia a plagas. _96646 |
| 650 | 1 | 4 |
_aGenética forestal. _947489 |
| 901 | _aBK | ||
| 942 | _cLIBRO | ||
| 949 |
_a634.955 G4 _bBC _cLIBRO _d33724000236022 _eLIBRO _h23772 _i17241 _si |
||
| 949 |
_a634.955 G4 _bBC _cLIBRO _d33724000236030 _eLIBRO _fc.2 _h39120 _i17241 _si |
||
| 999 |
_c12198 _d12198 |
||